| 000 | 01822aam a2200361 a 4500 | ||
|---|---|---|---|
| 003 | AR-RoUNCS | ||
| 005 | 20260623163712.0 | ||
| 007 | ta | ||
| 008 | 121106s2001 ag a |r 00| 1 spa d | ||
| 020 | _a978-950-753-287-0 | ||
| 040 |
_aAR-RoUNCS _bspa _cAR-RoUNCS |
||
| 041 | _aspa | ||
| 245 | 0 | 0 |
_aMitos clasificados 1 / _cHomero ... [et al.]. |
| 250 | _a2a ed. | ||
| 260 |
_aSan Isidro : _bCántaro, _cc2001. |
||
| 300 |
_a138 p. : _bil. ; _c19 cm. |
||
| 490 | 0 |
_aColección del Mirador ; _v154 |
|
| 505 |
_tPuertas de acceso. _g¿La mano de Dios? ; El mito clásico ; Mitos y leyendas ; La religión griega ; El culto a los animales ; Los dioses olímpicos ; ¿Cómo eran los dioses? ; Los atributos divinos ; La función de los poetas ; La vida después de la muerte ; El culto a los dioses ; Los héroes ; Los oráculos ; A modo de conclusión. |
||
| 505 |
_tLos hombres y los dioses. _gOrfeo y Eurídice ; Filemón y Baucis. |
||
| 505 |
_tLos hechos de los héroes.
_gTeseo y Ariadna ; Dánae y Perseo. |
||
| 505 |
_tEl oráculo de Delfos. _gEdipo ; Antígona. |
||
| 505 |
_tLa guerra de troya. _gParis y Helena ; La cólera de Aquiles ; El caballo de Troya ; Penélope y Ulises. |
||
| 520 | _aEn esta selección se recrean algunos de los principales mitos griegos: las hazañas de Teseo y de Perseo, los hechos sobresalientes de la guerra de Troya, las historias de amor de Orfeo y Eurídice, las desventuras de Aquiles y Ulises, y los trágicos destinos de Edipo y Antígona. | ||
| 650 | 7 |
_aMitología griega _2embne |
|
| 650 | 7 |
_aLiteratura griega _2embne |
|
| 655 | 7 |
_aMitos _2embne |
|
| 700 | 0 |
_aHomero _eautor |
|
| 700 | 0 |
_aHesíodo _eautor |
|
| 700 | 0 |
_aSófocles _eautor |
|
| 700 | 1 |
_aOvidio Nasón, Publio, _d43 a. C.-17 d. C. _eautor |
|
| 700 | 0 |
_aEurípides _eautor |
|
| 942 |
_2udc _cOG _n0 |
||
| 999 |
_c1055 _d1055 |
||